1157 1001 1605 1569 1970 1065 1314 1706 1665 1097 1716 1731 1494 1221 1768 1980 1799 1313 1501 1832 1174 1048 1521 1448 1892 1895 1661 1256 1290 1898 1185 1984 1858 1389 1179 1829 1117 1842 1632 1824 1835 1130 1344 1650 1866 1693 1423 1036 1973 1639 1646 1506 1345 1401 1637 1500 1944 1967 1017 1922 1163 1936 1291 1868 1397 1416 1974 1805 1269 1295 1431 1378 1425 1662 1962 1326 1198 1712 1234 1753 1085 1674 1091 1378 1685 1267 1468 1489 1991 1335 1735 1077 1924 1422 1368 1789 1344 1514 1941 BCNSPRNW ULIB Ver.6.0+V

เปลี่ยนเป็นภาษาไทย

Change to English
 แสดงรายละเอียดบรรณานุกรม
  กลับหน้าหลัก

Brief Record : Get Marc (ISO 2709) : E-mail record : QR code < ปิดหน้าต่าง
LEADER : 00000nam 2200000uu 4500
001    13399121351
003     ULIB
008    020711s2549 th a 000 0 tha d
020    9789749785652
090    นว.^bA163ส
100    ASTERISK
245    สปีชีส์สายพันธุ์สังเคราะห์/^cASTERISK
250    พิมพ์ครั้งที่ 1
260    กรุงเทพฯ :^bอิสระบุ๊ค,^c2549
945    ^p180^l0^i14862
999    ^aกัณชพร
รายการนี้ยังไม่มีแท็ก
คุณยังไม่ได้ล็อกอิน คุณสามารถมีกิจกรรมร่วมกับเว็บไซต์ได้ แต่ต้องล็อกอินก่อน ::
  ล็อกอิน

รายการสื่อสารสนเทศ

ลำดับที่ ประเภท เลขเรียก/บาร์โค้ด สถานที่ สถานะ
1. วิทยาศาสตร์การแพทย์ และสุขภาพ
วิทยาศาสตร์การแพทย์ และสุขภาพ
นว. A163ส  
  Barcode: 14862
ห้องสมุดวิทยาเขตสวรรค์ประชารักษ์
►นวนิยาย
บนชั้น
  ขอยืม

BibComment


ยังไม่เคยถูกคอมเมนท์

คอมเมนท์ทรัพยากรรายการนี้
  คอมเมนท์: สปีชีส์สายพันธุ์ส..


 Copyright 2026. Bcnsprnw @Library